"Колокол". Издание А. И. Герцена и Н. П. Огарева. 1857-1867: систематизированная роспись статей и заметок

গ্রন্থ-পঞ্জীর বিবরন
সংস্থা লেখক: Государственная публичная историческая библиотека РСФСР
অন্যান্য লেখক: Радченко Е. С. Евгения Степановна (составитель), Козьмин Б. П. (редактор)
ভাষা:রুশ
প্রকাশিত: Москва, Всесоюзная книжная палата, 1957
বিষয়গুলি:
বিন্যাস: MixedMaterials গ্রন্থ
KOHA link:https://koha.lib.tpu.ru/cgi-bin/koha/opac-detail.pl?biblionumber=263378

MARC

LEADER 00000nam0a2200000 4500
001 263378
005 20260202172835.0
035 |a (RuTPU)RU\TPU\book\286363 
090 |a 263378 
100 |a 20140609d1957 m y0rusy50 ca 
101 0 |a rus 
102 |a RU 
105 |a c b 001zy 
200 1 |a "Колокол". Издание А. И. Герцена и Н. П. Огарева. 1857-1867  |e систематизированная роспись статей и заметок  |f Государственная публичная историческая библиотека РСФСР ; сост. Е. С. Радченко ; научная ред. Б. П. Козьмин 
210 |a Москва  |c Всесоюзная книжная палата  |d 1957 
215 |a 553 с.  |c портр. 
320 |a Указатель статей в алфавите авторов: с. 223-300 
320 |a Указатель статей в алфавите заглавий: с. 301-410 
320 |a Указатель имен: с. 411-527 
320 |a Указатель географических названий: с. 528-545 
320 |a Указатель периодических изданий и листовок, упоминаемых в тексте "Колокола": с. 546-551 
320 |a Перечень иллюстраций: с. 552. 
600 1 |a Герцен  |g Александр Иванович  |f 1812-1870  |c российский революционер  |c писатель  |c философ  |b А. И.  |2 stltpush  |3 (RuTPU)RU\TPU\pers\286 
600 1 |a Огарев  |b Н. П.  |c русский поэт  |f 1813-1877  |g Николай Платонович  |c революционер  |c публицист  |2 stltpush  |3 (RuTPU)RU\TPU\pers\11942 
606 |a Революционно-демократическая печать, русская  |x История  |z 1855-1885  |9 81966 
610 1 |a библиографические указатели 
610 1 |a Колокол 
610 1 |a Россия 
610 1 |a 19 век 
610 1 |a периодические издания 
610 1 |a содержание 
610 1 |a роспись 
610 1 |a общественно-политическая литература 
610 1 |a общественно-политические тексты 
675 |a 014  |v 3 
686 |a Я172  |2 rubbk 
686 |a Т3(2)522  |2 rubbk 
702 1 |a Радченко  |b Е. С.  |g Евгения Степановна  |4 220 
702 1 |a Козьмин  |b Б. П.  |4 340 
712 0 2 |a Государственная публичная историческая библиотека РСФСР  |c Москва  |c 1938-1991  |9 89086 
801 1 |a RU  |b 63413507  |c 20140609 
801 2 |a RU  |b 63413507  |c 20181220  |g RCR 
942 |c BK